Statistics for Countries with Turkeys - with a map

Click here to take the quiz!

General Stats

  • This quiz has been taken 241 times
  • The average score is 56 of 81

Answer Stats

Country Population % Correct
United States237,500,000
97%
Russia20,000,000
95%
Turkey2,990,000
94%
Canada5,700,000
94%
United Kingdom3,772,000
93%
France18,500,000
92%
Germany11,500,000
92%
China118,000
91%
Mexico3,920,000
91%
Brazil28,900,000
89%
Spain800,000
89%
Italy24,500,000
88%
Norway830,000
87%
Sweden108,000
87%
Greece99,000
87%
Ireland1,790,000
87%
Ukraine2,047,000
87%
Argentina3,100,000
87%
Netherlands853,000
86%
Belgium184,000
86%
Finland292,000
85%
Australia1,210,000
85%
Chile32,000,000
84%
Portugal6,500,000
84%
Romania1,000,000
84%
Poland9,449,000
84%
Japan3,000
84%
Bulgaria43,000
83%
Denmark256,000
83%
Austria530,000
82%
Belarus1,500,000
81%
Switzerland57,000
81%
Serbia185,000
80%
Hungary2,524,000
80%
Estonia13,000
80%
Latvia800,000
80%
Slovakia139,000
79%
Lithuania86,000
78%
Croatia370,000
78%
Czech Republic396,000
78%
Kazakhstan400,000
78%
Iran2,000,000
77%
New Zealand77,000
76%
Slovenia96,000
76%
Bosnia and Herzegovina115,000
76%
Albania755,000
76%
South Korea20,000
74%
Moldova180,000
74%
South Africa530,000
72%
Uruguay130,000
70%
Armenia230,000
70%
Georgia440,000
70%
Azerbaijan900,000
70%
Bolivia157,000
70%
Egypt1,500,000
69%
Paraguay203,000
67%
Algeria90,000
65%
Morocco10,000,000
64%
Israel3,553,000
63%
Turkmenistan500,000
62%
Uzbekistan1,500,000
60%
Syria188,000
60%
Ecuador521,000
58%
Kyrgyzstan174,000
55%
Tunisia8,900,000
55%
Jordan3,000
49%
Panama20,000
49%
Cyprus70,000
46%
Malta13,000
43%
Philippines570,000
42%
Madagascar2,250,000
40%
Papua New Guinea15,000
35%
Taiwan118,000
34%
Belize46,000
31%
Haiti195,000
31%
Mozambique113,000
30%
Myanmar3,000
24%
Zimbabwe28,000
18%
Fiji75,000
17%
Mauritius2,000
11%
Barbados70,000
6%

Score Distribution

Percentile by Number Answered

Percent of People with Each Score

Your Score History

You have not taken this quiz